Places Discovered during the Age of Exploration - Statistics

General Stats
  • This quiz has been taken 40 times
    39 since last reset
  • The average score is 7 of 17
Answer Stats
Year People Involved Answer % Correct
1606 Willem Janszoon Australia
91%
1642 New Zealand
89%
1492 Christopher Columbus America
83%
1642 Abel Tasman Tasmania
71%
1778 James Cook Hawaii
69%
1500 Pedro Álvares Cabral Brazil
57%
1512 Juan Ponce de León Florida
46%
1431 Henry the Navigator Azores
40%
1488 Bartolomeu Dias Cape of Good Hope
37%
1499 João Fernandes Lavrador Labrador
37%
1643 Fiji
34%
1497 John Cabot Newfoundland
34%
1513 Vasco Núñez de Balboa Pacific Ocean (Eastern Side)
23%
1596 Willem Barentsz Svalbard
11%
1616 Lake Huron
3%
1615 Étienne Brûlé Lake Ontario
3%
1620 Lake Superior
3%
No matching quizzes found
Score Distribution
Percent of People with Each Score
Percentile by Number Answered
Your Score History
You have not taken this quiz since the last reset